| 000 | 00436nam a2200145 4500 | ||
|---|---|---|---|
| 001 | 137734 | ||
| 003 | ES-MaACL | ||
| 007 | t| | ||
| 008 | 070214s1954 sp r ||||1| spa d | ||
| 100 | 1 |
_aSalgueiro Costa, Andrés. _9101911 |
|
| 245 | 1 | 3 |
_aLa Sagrada Eucaristía en la vida cristiana / _cpor Andrés Salgueiro Costa. |
| 260 |
_aMadrid : _b[s. n.], _c1954 ( _fImp. Avilista) |
||
| 300 |
_a981 p. ; _c16 cm. |
||
| 852 |
_aES-MaACL _jE-5202 |
||
| 999 |
_c137734 _d137734 |
||